000 01580cam a2200385Ii 4500
001 chineseexperienc00daws
003 CaSfIA
005 20210117223825.0
007 cr||||
008 781229s1978 nyuaf b 001 0 eng d
010 _a 78059157
040 _aDMM
_cDMM
_dVRC
_dOCL
_dCUR
_dOCLCQ
_dBTCTA
_dDRB
_dNIALS
_dCaSfIA
019 _a5576216
020 _a0684159120 :
_c25.00
020 _a9780684159126
035 _a(OCoLC)4512685
_z(OCoLC)5576216
043 _aa-cc---
050 4 _aDS721
_b.D368
082 0 0 _a951
100 1 _aDawson, Raymond Stanley.
245 1 4 _aThe Chinese experience /
_h[electronic resource]
_cRaymond Dawson.
260 _aNew York :
_bScribner,
_c1978.
300 _axxv, 318 p., [24] p. of plates :
_bill. ;
_c25 cm.
490 0 _aHistory of civilisation
504 _aIncludes bibliographical references (p. 305-308) and index.
651 0 _aChina
_xCivilization.
856 4 1 _uhttp://www.archive.org/details/chineseexperienc00daws
_zFree eBook from the Internet Archive
856 4 2 _uhttp://www.openlibrary.org/books/OL14506207M
_zAdditional information and access via Open Library
029 1 _aAU@
_b000001285553
029 1 _aAU@
_b000023869235
029 1 _aHEBIS
_b02533185X
942 _cEB
506 _fНеобхідна авторизація на https://archive.org/ (створення облікового запису безкоштовно)
506 _fНеобхідна авторизація на https://openlibrary.org/ (створення облікового запису безкоштовно)
999 _c480551
_d480551